000
00271nam a2200109Ia 4500
008
190216s9999||||xx |||||||||||||| ||und||
100
_a
Lands Berg G S
245
0
_a
Adisthana Boudikathin Oru Padapusthakam
260
_b
Bhasha Institute
650
_a
Physics
942
_c
BK
999
_c
37948
_d
37948